000 00420nam a2200157Ia 4500
008 210716s2008 xx 000 0 und d
020 _a9780070421301
041 _aeng
082 _a658.8102 GHOJ
100 _aGhosh, Joy.
245 _aSAP project management.
250 _a1
260 _aNew Delhi
_bTata McGraw Hill Publishing Company Ltd
_c2008
300 _axx;515
650 _aSales & Distribution Management
999 _c209292
_d209292